01018nam a22002057a 450000500170000000800410001702000180005804000070007604100080008308200180009110000210010924500270013025000120015726000280016930000260019736500630022352004730028665000330075970000200079220250214095725.0250214b ||||| |||| 00| 0 eng d a9781138705708 cAL aeng 223a150bMALP aRichard W Malott aPrinciples of behavior a7th ed. aLondonbRoutledgec2021 axx,456pbPBc27x21cm. 2Generala6385b₹1276.00c₹d₹1595.00e20%f6/02/2025 aSince the first edition of Principles of Behavior, the authors have sought to address the unique needs of students. This title has been written so that students of all levels will benefit from a solid introduction to the principles of behavior. The authors have laid the groundwork for behavior analysis through an exploration of experimental, applied, and theoretical concepts. Case studies and everyday examples help readers apply principles of behavior to real life 2Operant BehavioraPsychology aShane, Joseph T